00357 a2200109 4500001001000000005001700010008004100027245005700068100002500125700002600150773007100176ART_5253720260410161608.0260409a 10aTratamiento contable-teórico del impuesto diferido1 aOubiña, Gabriel H.1 aFaccendini, Yanina C.0 tProfesional & Empresariag- Año XXII, Nº 261 (jun. 2021)wREV70